Physiotherapy in Pregnancy : Antenatal postnatal and baby care (Record no. 156273)
[ view plain ]
| 000 -LEADER | |
|---|---|
| fixed length control field | 00461nam a2200145Ia 4500 |
| 008 - FIXED-LENGTH DATA ELEMENTS--GENERAL INFORMATION | |
| fixed length control field | 230411s9999 xx 000 0 und d |
| 020 ## - INTERNATIONAL STANDARD BOOK NUMBER | |
| International Standard Book Number | 81-239-1229-3 |
| 041 ## - LANGUAGE CODE | |
| Language code of text/sound track or separate title | eng |
| 082 ## - DEWEY DECIMAL CLASSIFICATION NUMBER | |
| Classification number | OG/610.73678/HIR/BAL/B05787 |
| 100 ## - MAIN ENTRY--PERSONAL NAME | |
| Personal name | Hiranandani Malti & Balaji Vandana |
| 9 (RLIN) | 178725 |
| 245 ## - TITLE STATEMENT | |
| Title | Physiotherapy in Pregnancy : Antenatal postnatal and baby care |
| 260 ## - PUBLICATION, DISTRIBUTION, ETC. (IMPRINT) | |
| Name of publisher, distributor, etc. | CBS Publishers & Distributors |
| Place of publication, distribution, etc. | New Delhi |
| Date of publication, distribution, etc. | 2006 |
| 300 ## - PHYSICAL DESCRIPTION | |
| Extent | 146p |
| Withdrawn status | Lost status | Damaged status | Not for loan | Collection code | Home library | Current library | Date acquired | Vendor | Cost, normal purchase price | Bill number | Total Checkouts | Full call number | Barcode | Date last seen | Cost, replacement price | Bill Date | Koha item type | Original Barcode |
|---|---|---|---|---|---|---|---|---|---|---|---|---|---|---|---|---|---|---|
| Gynecology | Smt. Bakul Tambat Institute of Nursing Education | Smt. Bakul Tambat Institute of Nursing Education | 10/11/2009 | CBS Publishers / | 130.00 | IN2605 | OG 610.73678 HIR BAL B05787 | BTIN-BK-5787 | 11/04/2023 | 98.00 | 10/11/2009 | Books | B05787 |